Caricamento...

Electronic circuits and systems /

Dettagli Bibliografici
Autore principale: Ryder, Jd
Altri autori: Thomson, Charles M.
Lingua:Undetermined
Pubblicazione: New Jersey Prentice-hall 1976
LEADER 00464nam a2200145Ia 4500
001 121036
008 170722s9999 xx 000 0 und d
100 |a Ryder, Jd 
245 |a Electronic circuits and systems / 
260 |b Prentice-hall  |a New Jersey  |c 1976 
300 |a 445  |c 23 cm. 
700 |a Thomson, Charles M. 
942 |c GEN 
999 |c 10111  |d 10111 
952 |0 1  |1 0  |4 0  |6 D_65_000000000000000_L62  |7 0  |9 11580  |a LIB  |b LIB  |d 2017-08-12  |o D65 L62  |p 177326  |r 2017-08-12  |w 2017-08-12  |y GEN